000
00193 a2200097 4500
001
14655
100
_a
245
_a
260
_a
Karachi
_b
Madnia Publishing company
_c
090
_c
11441
_d
11441
942
_a
NUST-CAE
_c
_c
1605
999
_c
249728
_d
249728